[Event "Arcapita Open"]
[Site "Manama BHN"]
[Date "2009.01.25"]
[Round "2"]
[White "Alhuwar, Jasem"]
[Black "Pelletier, Yannick"]
[Result "1/2-1/2"]
[WhiteElo "2270"]
[BlackElo "2560"]
[PlyCount "86"]
[EventDate "2009.01.24"]

1. Nf3 Nf6 2. g3 d5 3. Bg2 Bf5 4. d3 e6 5. O-O Be7 6. c4 c6 7. Nc3 O-O 8. Qb3
Qc8 9. Nd4 Bg6 10. cxd5 exd5 11. e4 Na6 12. Bg5 h6 13. Bh4 Re8 14. Rfe1 Nc5 15.
Qc2 Bh7 16. f4 Qd8 17. Rad1 Qb6 18. Kh1 Rad8 19. Bxf6 Bxf6 20. e5 Be7 21. f5
Nd7 22. Qa4 Bc5 23. e6 Bxd4 24. exd7 Rf8 25. Ne2 Bf6 26. Qg4 Rxd7 27. Nf4 Qxb2
28. d4 Rd6 29. Nh5 Qc2 30. Rf1 Qxa2 31. Qf4 Rfd8 32. Rde1 Qa3 33. Rf3 Qb4 34.
Rfe3 Rf8 35. Re8 Rd8 36. Nxf6+ gxf6 37. R8e7 Qd6 38. Qg4+ Kh8 39. Qh5 Qb4 40.
Qh4 Kg7 41. Qg4+ Kh8 42. Qh4 Kg7 43. Qg4+ Kh8 1/2-1/2

[Event "Arcapita Open"]
[Site "Manama BHN"]
[Date "2009.01.25"]
[Round "2"]
[White "El Gindy, Essam"]
[Black "Al Ghasra, Ali"]
[Result "1-0"]
[WhiteElo "2527"]
[BlackElo "2133"]
[PlyCount "47"]
[EventDate "2009.01.24"]

1. d4 Nf6 2. Nf3 e6 3. e3 b6 4. Bd3 Bb7 5. O-O Be7 6. c4 O-O 7. Nc3 d5 8. b3
Nbd7 9. Bb2 c5 10. cxd5 exd5 11. Rc1 Rc8 12. Bf5 cxd4 13. Nxd4 g6 14. Bh3 a6
15. Qe2 b5 16. a3 Rc7 17. Rfd1 Qb8 18. g3 Nb6 19. Nb1 Ne4 20. Nd2 Nc8 21. Nxe4
dxe4 22. Nf5 f6 23. Rxc7 Qxc7 24. Nxe7+ 1-0

[Event "Arcapita Open"]
[Site "Manama BHN"]
[Date "2009.01.26"]
[Round "3"]
[White "Bagheri, Amir"]
[Black "Alhuwar, Jasem"]
[Result "1-0"]
[WhiteElo "2486"]
[BlackElo "2270"]
[PlyCount "65"]
[EventDate "2009.01.24"]

1. e4 e6 2. d3 d5 3. Nd2 Nf6 4. Ngf3 b6 5. c3 c5 6. Be2 Nc6 7. a3 Bd6 8. O-O
Qc7 9. Re1 O-O 10. Bf1 Bb7 11. Qe2 dxe4 12. dxe4 Nd7 13. g3 Rad8 14. Nc4 Ba6
15. Qc2 Be7 16. Bf4 Qb7 17. Nd6 Bxd6 18. Bxd6 Rfe8 19. Bxa6 Qxa6 20. Rad1 Nf8
21. e5 Ng6 22. Qe4 Na5 23. b4 Nb7 24. Bc7 Rxd1 25. Rxd1 b5 26. Rd6 Nxd6 27.
exd6 Nf8 28. bxc5 f5 29. Qb4 Nd7 30. Nd4 Ne5 31. c6 Nxc6 32. d7 Rd8 33. Qd6 1-0

[Event "Arcapita Open"]
[Site "Manama BHN"]
[Date "2009.01.26"]
[Round "3"]
[White "Frhat, Ali"]
[Black "Filippov, Anton"]
[Result "0-1"]
[WhiteElo "2408"]
[BlackElo "2556"]
[PlyCount "70"]
[EventDate "2009.01.24"]

1. e4 e5 2. Nf3 Nc6 3. Bb5 a6 4. Ba4 Nf6 5. O-O Be7 6. Re1 b5 7. Bb3 d6 8. c3
O-O 9. d4 Bg4 10. d5 Na5 11. Bc2 c5 12. Nbd2 Bh5 13. Nf1 Nc4 14. a4 Nb6 15.
axb5 axb5 16. Rxa8 Qxa8 17. Ng3 Bg4 18. h3 Bd7 19. Nh2 Qa2 20. b3 Ra8 21. Ngf1
Ne8 22. Be3 Qb2 23. Qb1 Ra2 24. Qxb2 Rxb2 25. Re2 g6 26. Bc1 Ra2 27. Bd3 Ra1
28. c4 Nc7 29. Be3 Ra3 30. Rb2 Kf8 31. Nd2 Ke8 32. Rb1 bxc4 33. Nxc4 Nxc4 34.
Bxc4 Bb5 35. Nf1 f5 0-1

[Event "Arcapita Open"]
[Site "Manama BHN"]
[Date "2009.01.26"]
[Round "3"]
[White "Malakhatko, Vadim"]
[Black "Jojua, Davit"]
[Result "1/2-1/2"]
[WhiteElo "2610"]
[BlackElo "2480"]
[PlyCount "53"]
[EventDate "2009.01.24"]

1. d4 d5 2. c4 e6 3. Nf3 Nf6 4. Nc3 Be7 5. Bg5 O-O 6. e3 h6 7. Bh4 Ne4 8. Bxe7
Qxe7 9. cxd5 Nxc3 10. bxc3 exd5 11. c4 Be6 12. Qb3 Rd8 13. c5 b6 14. Rc1 bxc5
15. Qa3 Nd7 16. Bb5 Rab8 17. Bxd7 Qxd7 18. Qxc5 Qb5 19. Qxb5 Rxb5 20. O-O Rc8
21. Rc5 Rxc5 22. dxc5 Rb8 23. Nd4 Rb2 24. f4 Bc8 25. Rf2 Rb1+ 26. Rf1 Rb2 27.
Rf2 1/2-1/2

[Event "Arcapita Open"]
[Site "Manama BHN"]
[Date "2009.01.26"]
[Round "3"]
[White "Roy Chowdhury, Saptarshi"]
[Black "Adly, Ahmed"]
[Result "1-0"]
[WhiteElo "2444"]
[BlackElo "2568"]
[PlyCount "135"]
[EventDate "2009.01.24"]

1. e4 c5 2. Nf3 d6 3. c3 Nf6 4. Be2 g6 5. O-O Bg7 6. Re1 O-O 7. d3 Nc6 8. Nbd2
e5 9. a3 h6 10. b4 b6 11. Bb2 Bb7 12. Bf1 Re8 13. g3 b5 14. Qb3 Qb6 15. bxc5
dxc5 16. a4 bxa4 17. Qxa4 Qc7 18. Ba3 Bf8 19. Nc4 Bc8 20. Ne3 Bd7 21. Qc2 Be6
22. Nd2 Rab8 23. Ndc4 Red8 24. Bg2 Rd7 25. Rab1 Rxb1 26. Rxb1 Na5 27. Qa4 Nxc4
28. dxc4 Rd3 29. Qc2 Rxe3 30. fxe3 Nd7 31. Bf1 Nb6 32. Bc1 h5 33. Qa2 Qb7 34.
Ra1 Qxe4 35. Qg2 Qxg2+ 36. Kxg2 Nxc4 37. Bxc4 Bxc4 38. Rxa7 Bd5+ 39. Kf2 c4 40.
Ba3 Bxa3 41. Rxa3 f6 42. Ra7 Bf7 43. Ke2 Kg7 44. Ra6 Bd5 45. Ra7+ Kh6 46. Rc7
g5 47. Rc5 Bf7 48. e4 Kg6 49. Kd2 Be6 50. h4 gxh4 51. gxh4 Kf7 52. Rc7+ Kg6 53.
Rc6 Kf7 54. Kc1 Ke7 55. Kb2 Kd7 56. Rb6 f5 57. exf5 Bxf5 58. Kc1 Ke7 59. Rh6
Kf7 60. Rxh5 Kf6 61. Kd2 Be4 62. Ke3 Bd3 63. Rg5 Bc2 64. Rg4 Bd3 65. h5 Ke6 66.
Rg7 Kf6 67. h6 Bc2 68. Rc7 1-0

[Event "Arcapita Open"]
[Site "Manama BHN"]
[Date "2009.01.26"]
[Round "3"]
[White "Salem, Amna"]
[Black "Mohamed, Sheer"]
[Result "1-0"]
[WhiteElo "1762"]
[BlackElo "1917"]
[PlyCount "79"]
[EventDate "2009.01.24"]

1. d4 d5 2. Nf3 Nf6 3. c4 c6 4. Nc3 a6 5. e3 Bg4 6. c5 Nbd7 7. Be2 g6 8. h3
Bxf3 9. Bxf3 Bg7 10. b4 a5 11. b5 cxb5 12. Nxb5 O-O 13. a4 Ne4 14. O-O Ndxc5
15. Ba3 Nd7 16. Bxe4 dxe4 17. Rc1 f5 18. Qb3+ Kh8 19. Rc7 Rf6 20. Qd5 Nb6 21.
Qxd8+ Rxd8 22. Bxe7 Rb8 23. Bxf6 Bxf6 24. Nd6 Nxa4 25. Rxb7 Ra8 26. Rfb1 Ra6
27. Rb8+ Kg7 28. Ne8+ Kf7 29. R1b7+ Be7 30. Nc7 Rd6 31. Ra8 Nc3 32. Rxa5 Rc6
33. Nd5 Nxd5 34. Rxd5 Kf6 35. g3 h5 36. h4 Bd6 37. Rdb5 Rc1+ 38. Kg2 Ke6 39.
R5b6 Rc8 40. Rg7 1-0

[Event "Arcapita Open"]
[Site "Manama BHN"]
[Date "2009.01.26"]
[Round "3"]
[White "Sharma, Dinesh K"]
[Black "El Gindy, Essam"]
[Result "1/2-1/2"]
[WhiteElo "2390"]
[BlackElo "2525"]
[PlyCount "60"]
[EventDate "2009.01.24"]

1. e4 c5 2. Nf3 d6 3. d4 cxd4 4. Nxd4 Nf6 5. Nc3 Nc6 6. Bg5 e6 7. Qd2 Be7 8.
O-O-O O-O 9. f4 Nxd4 10. Qxd4 Qc7 11. Nb5 Qa5 12. Kb1 e5 13. Qc3 Qxc3 14. Nxc3
Bg4 15. Rd2 exf4 16. Bxf4 Rad8 17. Be2 Bxe2 18. Rxe2 h6 19. Rd1 a6 20. Nd5 Nxd5
21. Rxd5 Rfe8 22. c3 Bf8 23. Kc2 Re6 24. Kd3 Rde8 25. a4 g6 26. Re3 Rf6 27. Rf3
Rfe6 28. Re3 Rf6 29. Rf3 Rfe6 30. Re3 Rf6 1/2-1/2

[Event "Arcapita Open"]
[Site "Manama BHN"]
[Date "2009.01.26"]
[Round "3"]
[White "Sriram, Jha"]
[Black "Amin, Bassem"]
[Result "0-1"]
[WhiteElo "2441"]
[BlackElo "2562"]
[PlyCount "116"]
[EventDate "2009.01.24"]

1. d4 Nf6 2. c4 e6 3. Nf3 Bb4+ 4. Bd2 a5 5. g3 b6 6. Bg2 Bb7 7. O-O Bxd2 8.
Nbxd2 d6 9. Qc2 Nbd7 10. e4 e5 11. d5 O-O 12. b3 c6 13. Rac1 cxd5 14. exd5 Rc8
15. Qf5 g6 16. Qg5 b5 17. cxb5 Bxd5 18. Nc4 Bxc4 19. bxc4 Rc5 20. Nd2 a4 21.
Rfd1 Kg7 22. Nf1 Qc7 23. Ne3 e4 24. Qf4 Re5 25. Nd5 Nxd5 26. cxd5 Qb8 27. Bxe4
Qxb5 28. Bf3 Nc5 29. Qd4 Rb8 30. Rc2 Qb4 31. Kg2 h5 32. h4 Qxd4 33. Rxd4 Re1
34. Rd1 Rxd1 35. Bxd1 Rb1 36. Be2 Kf6 37. f4 a3 38. Kf3 Rb2 39. Bd1 Nd3 40. Rc6
Rxa2 41. Rxd6+ Kg7 42. Ra6 Nb4 43. Ra4 Nxd5 44. Bb3 Nc3 45. Rc4 Rc2 46. Rc7 Nb5
47. Rxf7+ Kh6 48. Bxc2 a2 49. Rf6 Nd4+ 50. Kf2 Nxc2 51. Ra6 a1=Q 52. Rxa1 Nxa1
53. Ke3 Nb3 54. Ke4 Nd2+ 55. Ke3 Nc4+ 56. Kf3 Kg7 57. g4 Kf6 58. gxh5 gxh5 0-1

[Event "Arcapita Open"]
[Site "Manama BHN"]
[Date "2009.01.27"]
[Round "4"]
[White "Adly, Ahmed"]
[Black "Ayyad, Husain Abdulgalil"]
[Result "1-0"]
[WhiteElo "2568"]
[BlackElo "2111"]
[PlyCount "79"]
[EventDate "2009.01.24"]

1. Nf3 Nf6 2. c4 e6 3. g3 b6 4. Bg2 Bb7 5. O-O Be7 6. d3 O-O 7. e4 d6 8. Nc3
Nbd7 9. Qe2 e5 10. Nh4 g6 11. Bh3 Nc5 12. Ng2 Bc8 13. Bxc8 Qxc8 14. f4 Qg4 15.
Qc2 c6 16. f5 a5 17. Ne3 Qh5 18. Rf2 Kg7 19. Kg2 Ng4 20. Nxg4 Qxg4 21. Be3 Bg5
22. h3 Qh5 23. Qd2 Bxe3 24. Qxe3 f6 25. d4 Nd7 26. d5 Nc5 27. Rd1 cxd5 28. Rxd5
Rad8 29. Nb5 Qg5 30. Qxg5 fxg5 31. Nxd6 Rf6 32. Rfd2 Kg8 33. g4 Rd7 34. Kf3 h5
35. Nb5 hxg4+ 36. hxg4 Rh7 37. Rxe5 Rh3+ 38. Kg2 Re3 39. Rd8+ Kg7 40. Nd6 1-0

[Event "Arcapita Open"]
[Site "Manama BHN"]
[Date "2009.01.27"]
[Round "4"]
[White "El Gindy, Essam"]
[Black "Bagheri, Amir"]
[Result "1-0"]
[WhiteElo "2525"]
[BlackElo "2485"]
[PlyCount "57"]
[EventDate "2009.01.24"]

1. d4 Nf6 2. Nf3 g6 3. g3 Bg7 4. Bg2 O-O 5. O-O d6 6. Nc3 Nc6 7. d5 Ne5 8. Nxe5
dxe5 9. a4 Ne8 10. a5 Nd6 11. b3 e4 12. Bb2 e6 13. Qc1 Bxc3 14. Bxc3 exd5 15.
Rd1 c6 16. Bb2 Be6 17. Qf4 f6 18. Ba3 Nf5 19. Bxf8 Qxf8 20. a6 b6 21. c4 Qb8
22. Qxb8+ Rxb8 23. cxd5 Bxd5 24. b4 Nd6 25. f3 f5 26. fxe4 fxe4 27. Bh3 Kf7 28.
Rac1 Nc4 29. b5 1-0

[Event "Arcapita Open"]
[Site "Manama BHN"]
[Date "2009.01.27"]
[Round "4"]
[White "Filippov, Anton"]
[Black "Golubev, Mikhail"]
[Result "1-0"]
[WhiteElo "2556"]
[BlackElo "2487"]
[PlyCount "119"]
[EventDate "2009.01.24"]

1. e4 c5 2. Nf3 d6 3. d4 cxd4 4. Nxd4 Nf6 5. Nc3 g6 6. Be3 Bg7 7. f3 Nc6 8. Qd2
O-O 9. O-O-O d5 10. exd5 Nxd5 11. Nxc6 bxc6 12. Bd4 Nxc3 13. Qxc3 Bh6+ 14. Be3
Bxe3+ 15. Qxe3 Qb6 16. Qxe7 Be6 17. Qa3 Rad8 18. Bd3 Rd5 19. Rhe1 Ra5 20. Qc3
Rxa2 21. b3 Qa5 22. Qxa5 Rxa5 23. Kb2 Rh5 24. h3 a5 25. c4 a4 26. b4 Rh4 27.
Kc3 c5 28. b5 Rd4 29. Bf1 Rfd8 30. Rxd4 cxd4+ 31. Kb4 d3 32. Kc3 d2 33. Rd1 a3
34. g4 Ra8 35. Ra1 Rd8 36. Be2 a2 37. Bd1 Rc8 38. Bb3 Kg7 39. Kxd2 Bxc4 40.
Bxc4 Rxc4 41. Rxa2 Rb4 42. Ra5 Rf4 43. Ra3 Rb4 44. Ra5 Rf4 45. b6 Rb4 46. Ra6
Rf4 47. Ra3 Rb4 48. Ra6 Rf4 49. Kc3 Rxf3+ 50. Kc4 Rf4+ 51. Kc5 Rf6 52. Ra3 Rf1
53. Rb3 Rc1+ 54. Kd6 Rd1+ 55. Kc7 Rc1+ 56. Kd7 Rd1+ 57. Kc6 Rc1+ 58. Kb5 Rc8
59. b7 Rf8 60. Kc6 1-0

[Event "Arcapita Open"]
[Site "Manama BHN"]
[Date "2009.01.27"]
[Round "4"]
[White "Jojua, Davit"]
[Black "Ibrahimov, Rasul"]
[Result "1/2-1/2"]
[WhiteElo "2484"]
[BlackElo "2568"]
[PlyCount "54"]
[EventDate "2009.01.24"]

1. d4 Nf6 2. c4 e6 3. Nf3 b6 4. Nc3 Bb7 5. a3 d5 6. cxd5 Nxd5 7. e3 Nd7 8. Bd3
c5 9. e4 Nxc3 10. bxc3 Qc7 11. O-O Be7 12. Qe2 O-O 13. a4 Rfd8 14. Bd2 Rac8 15.
Rfb1 Nb8 16. Be3 cxd4 17. cxd4 Nc6 18. Rc1 Qb8 19. Ba6 Nb4 20. Bxb7 Qxb7 21.
Bf4 f6 22. h3 Qd7 23. Rxc8 Rxc8 24. Qb5 Qd8 25. a5 bxa5 26. Qxa5 Qxa5 27. Rxa5
Nc6 1/2-1/2

[Event "Arcapita Open"]
[Site "Manama BHN"]
[Date "2009.01.27"]
[Round "4"]
[White "Khouri Ahmed, Abbas"]
[Black "Frhat, Ali"]
[Result "0-1"]
[WhiteElo "1934"]
[BlackElo "2408"]
[PlyCount "64"]
[EventDate "2009.01.24"]

1. e4 c5 2. f4 d5 3. exd5 Nf6 4. Nc3 Nxd5 5. Bb5+ Nc6 6. Qf3 e6 7. Nxd5 exd5 8.
c4 a6 9. cxd5 axb5 10. dxc6 bxc6 11. Qxc6+ Bd7 12. Qe4+ Be7 13. Nf3 O-O 14. O-O
c4 15. Ne5 Be6 16. f5 Bd5 17. Qg4 Re8 18. Nf3 Bb7 19. d4 cxd3 20. Bd2 Ra4 21.
Qg3 Bd6 22. Qh3 Re2 23. Bc3 Bc5+ 24. Kh1 b4 25. Be1 Rxb2 26. f6 Qxf6 27. Bh4
Qe6 28. Qg3 Bd6 29. Qg5 Ra8 30. Rad1 h6 31. Qb5 Bxf3 32. Rxf3 Qe2 0-1

[Event "Arcapita Open"]
[Site "Manama BHN"]
[Date "2009.01.27"]
[Round "4"]
[White "Moradiabadi, Elshan"]
[Black "Iotov, Valentin"]
[Result "0-1"]
[WhiteElo "2505"]
[BlackElo "2556"]
[PlyCount "76"]
[EventDate "2009.01.24"]

1. e4 e6 2. d4 d5 3. Nc3 Bb4 4. e5 c5 5. a3 Bxc3+ 6. bxc3 Ne7 7. Qg4 O-O 8. Bd3
f5 9. exf6 Rxf6 10. Qh5 h6 11. g4 c4 12. Be2 Nbc6 13. Nf3 Qa5 14. Bd2 Bd7 15.
g5 Rf5 16. Qh3 h5 17. Nh4 g6 18. Nxf5 Nxf5 19. Rg1 e5 20. Bxh5 gxh5 21. g6 h4
22. Rb1 exd4 23. Qf3 Re8+ 24. Kd1 d3 25. Qh5 dxc2+ 26. Kxc2 Qa4+ 27. Kc1 Qxa3+
28. Kd1 Re7 29. g7 Qa4+ 30. Kc1 Rxg7 31. Rxg7+ Nxg7 32. Qxd5+ Be6 33. Qb5 Qa3+
34. Kd1 Bg4+ 35. Ke1 Qe7+ 36. Be3 Qe4 37. Qxb7 Qd3 38. Qb2 Ne5 0-1

[Event "Arcapita Open"]
[Site "Manama BHN"]
[Date "2009.01.27"]
[Round "4"]
[White "Roy Chowdhury, Saptarshi"]
[Black "Kveinys, Aloyzas"]
[Result "1/2-1/2"]
[WhiteElo "2440"]
[BlackElo "2520"]
[PlyCount "69"]
[EventDate "2009.01.24"]

1. d4 Nf6 2. Nf3 d5 3. e3 e6 4. Bd3 c5 5. b3 cxd4 6. exd4 Bb4+ 7. c3 Bd6 8. O-O
Nbd7 9. Re1 O-O 10. Nbd2 b6 11. Bb2 Bb7 12. Ne5 Rc8 13. Re3 g6 14. f4 Nh5 15.
Qf3 f5 16. Nxd7 Qxd7 17. g3 Nf6 18. Qf1 Ne4 19. Nf3 Rc7 20. c4 Rfc8 21. cxd5
Bxd5 22. Rd1 Qe7 23. Nd2 Nxd2 24. Rxd2 Ba3 25. Bxa3 Qxa3 26. Re1 Rc1 27. Bc4
Qb4 28. Qf2 Rxe1+ 29. Qxe1 Bxc4 30. bxc4 Qxc4 31. d5 Qc1 32. Rd4 Qc5 33. Kg2
exd5 34. Qe6+ Kg7 35. Qd7+ 1/2-1/2

[Event "Arcapita Open"]
[Site "Manama BHN"]
[Date "2009.01.27"]
[Round "4"]
[White "Tregubov, Pavel"]
[Black "Al Ghasra, Ali"]
[Result "1-0"]
[WhiteElo "2645"]
[BlackElo "2130"]
[PlyCount "57"]
[EventDate "2009.01.24"]

1. d4 Nf6 2. c4 e6 3. Nf3 b6 4. g3 Ba6 5. Nbd2 Bb4 6. Qc2 O-O 7. Bg2 c6 8. O-O
d5 9. Ne5 Nbd7 10. Ndf3 Be7 11. cxd5 cxd5 12. Bf4 Nxe5 13. Nxe5 Bb7 14. Rac1
Nd7 15. Nc6 Bxc6 16. Qxc6 Nf6 17. Rc2 Rc8 18. Bc7 Qd7 19. Qxd7 Nxd7 20. Rfc1 g5
21. g4 Nf6 22. h3 Rfe8 23. e3 h5 24. gxh5 Nxh5 25. Bf1 Bd8 26. Bb5 Ng7 27. Bxe8
Nxe8 28. Bxd8 Rxd8 29. Rc8 1-0

[Event "Arcapita Open"]
[Site "Manama BHN"]
[Date "2009.01.28"]
[Round "5"]
[White "Adnani, Moklis"]
[Black "Adly, Ahmed"]
[Result "1/2-1/2"]
[WhiteElo "2326"]
[BlackElo "2568"]
[PlyCount "86"]
[EventDate "2009.01.24"]

1. e4 c5 2. Nf3 d6 3. d4 Nf6 4. Nc3 cxd4 5. Nxd4 a6 6. h3 e5 7. Nde2 b5 8. g4
Bb7 9. Bg2 h6 10. Ng3 g6 11. O-O Nbd7 12. a4 b4 13. Nd5 Nxd5 14. exd5 Rc8 15.
f4 Qb6+ 16. Rf2 a5 17. f5 Be7 18. fxg6 fxg6 19. Qd3 Rg8 20. Be3 Qa6 21. Qd2 Bh4
22. Ne4 Rc4 23. Bf1 Rxe4 24. Bxa6 Bxf2+ 25. Qxf2 Bxa6 26. Bxh6 Rh8 27. g5 Ke7
28. Qa7 Bc4 29. Rd1 b3 30. cxb3 Bxb3 31. Bg7 Rxh3 32. Bf6+ Ke8 33. Rc1 Rg4+ 34.
Kf2 Bc4 35. Rxc4 Rxc4 36. Qa8+ Kf7 37. Qd8 Rc2+ 38. Kg1 Rg3+ 39. Kh1 Rh3+ 40.
Kg1 Rg3+ 41. Kh1 Rh3+ 42. Kg1 Rg3+ 43. Kh1 Rh3+ 1/2-1/2

[Event "Arcapita Open"]
[Site "Manama BHN"]
[Date "2009.01.28"]
[Round "5"]
[White "Golubev, Mikhail"]
[Black "Sharma, Dinesh K"]
[Result "1-0"]
[WhiteElo "2478"]
[BlackElo "2394"]
[PlyCount "47"]
[EventDate "2009.01.24"]

1. e4 e5 2. Nf3 Nc6 3. d4 exd4 4. Nxd4 Bc5 5. Be3 Qf6 6. c3 Nge7 7. Bc4 Ne5 8.
Be2 d5 9. O-O O-O 10. f4 Qh6 11. Nd2 Bb6 12. Kh1 N5c6 13. Nxc6 bxc6 14. Bf2
dxe4 15. Nxe4 Bf5 16. Nc5 Rad8 17. Qc1 Nd5 18. Bf3 Rfe8 19. b4 Re7 20. a4 Rde8
21. a5 Bxc5 22. Bxc5 Re6 23. Bxa7 Bd3 24. f5 1-0

[Event "Arcapita Open"]
[Site "Manama BHN"]
[Date "2009.01.28"]
[Round "5"]
[White "Hassan, Abdullah"]
[Black "Tregubov, Pavel"]
[Result "0-1"]
[WhiteElo "2320"]
[BlackElo "2645"]
[PlyCount "72"]
[EventDate "2009.01.24"]

1. d4 Nf6 2. Nf3 e6 3. e3 d5 4. c4 b6 5. Bd3 Bb7 6. O-O Nbd7 7. b3 Bd6 8. Bb2
O-O 9. Nc3 a6 10. Rc1 Qe7 11. Ne2 dxc4 12. bxc4 Bxf3 13. gxf3 c5 14. f4 cxd4
15. Nxd4 Rac8 16. Qf3 Ba3 17. Bxa3 Qxa3 18. Bb1 Rc7 19. Kh1 Rfc8 20. Rg1 Rxc4
21. Qg2 g6 22. Rxc4 Rxc4 23. f5 exf5 24. Nxf5 Rc1 25. Nd4 Rxg1+ 26. Kxg1 Ne5
27. Qa8+ Kg7 28. Qc8 Nd5 29. Qb8 Nc4 30. Nf5+ gxf5 31. Qg3+ Kf8 32. Qh4 Qc1+
33. Kg2 Ncxe3+ 34. fxe3 Qd2+ 35. Kg1 Qxe3+ 36. Kh1 Nc3 0-1

[Event "Arcapita Open"]
[Site "Manama BHN"]
[Date "2009.01.28"]
[Round "5"]
[White "Ibrahimov, Rasul"]
[Black "Shoker, Samy"]
[Result "1/2-1/2"]
[WhiteElo "2568"]
[BlackElo "2399"]
[PlyCount "67"]
[EventDate "2009.01.24"]

1. d4 g6 2. c4 Bg7 3. Nf3 Nf6 4. Nc3 O-O 5. e4 d6 6. Be2 Bg4 7. Be3 Nfd7 8. O-O
Nc6 9. d5 Bxf3 10. Bxf3 Na5 11. Qa4 Bxc3 12. bxc3 b6 13. Be2 e5 14. dxe6 fxe6
15. f4 Qe7 16. Rf2 Qg7 17. Qc2 Rae8 18. Raf1 Nb7 19. g4 Nbc5 20. g5 Qe7 21. h4
d5 22. e5 Ne4 23. Rg2 Qa3 24. cxd5 exd5 25. Bb5 Rd8 26. Bc6 Ndc5 27. Bd4 Rf5
28. h5 Ne6 29. Bxd5 Rxd5 30. Qxe4 c6 31. hxg6 hxg6 32. Rh2 Nxf4 33. Kh1 Nh5 34.
Rg1 1/2-1/2

[Event "Arcapita Open"]
[Site "Manama BHN"]
[Date "2009.01.28"]
[Round "5"]
[White "Kasparov, Sergey"]
[Black "El Gindy, Essam"]
[Result "1/2-1/2"]
[WhiteElo "2488"]
[BlackElo "2527"]
[PlyCount "60"]
[EventDate "2009.01.24"]

1. d4 Nf6 2. Nf3 e6 3. g3 b6 4. Bg2 Bb7 5. O-O c5 6. c4 cxd4 7. Qxd4 Nc6 8. Qd1
Be7 9. Nc3 O-O 10. Bf4 Na5 11. b3 d5 12. cxd5 Nxd5 13. Nxd5 Qxd5 14. Qxd5 Bxd5
15. Rfd1 Rac8 16. Ne1 Bxg2 17. Kxg2 g5 18. Bd6 Bxd6 19. Rxd6 Rfd8 20. Rxd8+
Rxd8 21. Rc1 Rd7 22. Nd3 f6 23. h3 Kf7 24. f4 gxf4 25. gxf4 Nb7 26. Kf3 Nd6 27.
e4 Nb5 28. Ke3 Nd6 29. Rc2 Kf8 30. Rc1 Kf7 1/2-1/2

[Event "Arcapita Open"]
[Site "Manama BHN"]
[Date "2009.01.28"]
[Round "5"]
[White "Kveinys, Aloyzas"]
[Black "Amin, Bassem"]
[Result "1/2-1/2"]
[WhiteElo "2522"]
[BlackElo "2562"]
[PlyCount "87"]
[EventDate "2009.01.24"]

1. d4 Nf6 2. Nf3 e6 3. c4 Bb4+ 4. Nbd2 b6 5. a3 Bxd2+ 6. Qxd2 Bb7 7. e3 d6 8.
Be2 O-O 9. O-O Nbd7 10. b4 Ne4 11. Qc2 f5 12. Bb2 Rf6 13. d5 Rh6 14. g3 e5 15.
Nh4 Rxh4 16. gxh4 Qxh4 17. f3 Ng3 18. Rf2 Nxe2+ 19. Qxe2 Ba6 20. Rc1 Rf8 21.
Rg2 f4 22. e4 Nf6 23. Qf2 Qh5 24. Kh1 Bc8 25. Rcg1 Rf7 26. Rg5 Qh3 27. Qg2
Qxg2+ 28. Kxg2 h6 29. Rg6 Nh7 30. Kf2 Ng5 31. R6xg5 hxg5 32. Rxg5 Rf6 33. Rh5
Rf8 34. h4 Ba6 35. c5 Rf6 36. Bc3 Bb5 37. Be1 Rg6 38. c6 Ba4 39. Rg5 Rxg5 40.
hxg5 Kf7 41. Kg2 Kg6 42. Kh3 Kh5 43. g6 Bb5 44. Kg2 1/2-1/2

[Event "Arcapita Open"]
[Site "Manama BHN"]
[Date "2009.01.28"]
[Round "5"]
[White "Malakhatko, Vadim"]
[Black "Roy Chowdhury, Saptarshi"]
[Result "1-0"]
[WhiteElo "2610"]
[BlackElo "2444"]
[PlyCount "67"]
[EventDate "2009.01.24"]

1. c4 c5 2. Nf3 Nc6 3. Nc3 g6 4. e3 Nf6 5. d4 cxd4 6. exd4 d6 7. d5 Nb8 8. h3
Bg7 9. Be2 O-O 10. O-O a5 11. Be3 Na6 12. Nd4 Nc5 13. Qc2 Bd7 14. Rfe1 Ne8 15.
Rad1 f5 16. Bf3 f4 17. Bc1 Nc7 18. Ne4 N7a6 19. Qe2 Nxe4 20. Qxe4 Be5 21. Bg4
Nc5 22. Qe2 Bxg4 23. hxg4 g5 24. b3 Rf7 25. Bb2 Bxd4 26. Bxd4 Nd7 27. Qe6 Nf6
28. Qf5 Qd7 29. Re6 Raf8 30. Qxg5+ Rg7 31. Qxf4 Rxg4 32. Qf5 Rg6 33. Rde1 Rf7
34. Bxf6 1-0

[Event "Arcapita Open"]
[Site "Manama BHN"]
[Date "2009.01.28"]
[Round "5"]
[White "Pelletier, Yannick"]
[Black "Kiss, Pal"]
[Result "1/2-1/2"]
[WhiteElo "2560"]
[BlackElo "2389"]
[PlyCount "41"]
[EventDate "2009.01.24"]

1. d4 d5 2. c4 c6 3. Nf3 Nf6 4. e3 Bf5 5. Nc3 e6 6. Nh4 Be4 7. f3 Bg6 8. Qb3
Qb6 9. Nxg6 hxg6 10. Bd2 Nfd7 11. g3 Be7 12. O-O-O Qxb3 13. axb3 a6 14. Kc2 O-O
15. h3 Bd6 16. f4 Bc7 17. Bg2 Nb6 18. Kd3 Kh8 19. g4 Nc8 20. Bf3 Nd6 21. h4
1/2-1/2

[Event "Arcapita Open"]
[Site "Manama BHN"]
[Date "2009.01.28"]
[Round "5"]
[White "Shetty, Rahul"]
[Black "Moradiabadi, Elshan"]
[Result "0-1"]
[WhiteElo "2310"]
[BlackElo "2505"]
[PlyCount "68"]
[EventDate "2009.01.24"]

1. e4 c5 2. Nf3 d6 3. d4 cxd4 4. Nxd4 Nf6 5. Nc3 a6 6. Be3 e6 7. f3 b5 8. a4 b4
9. Na2 d5 10. e5 Nfd7 11. f4 Bb7 12. Nc1 Nc5 13. Bd3 Nc6 14. O-O Be7 15. Nce2
g6 16. b3 Rc8 17. Nxc6 Bxc6 18. Nd4 O-O 19. Qe2 a5 20. Rad1 Qc7 21. Qg4 Bd7 22.
Rf3 f5 23. exf6 Rxf6 24. Bb5 Ne4 25. Bxd7 Qxd7 26. h4 Rc3 27. h5 Bc5 28. Qh4 g5
29. Qg4 Rxe3 30. Rxe3 Rxf4 31. Qh3 g4 32. Qh4 e5 33. c3 bxc3 34. Nc2 g3 0-1

[Event "Arcapita Open"]
[Site "Manama BHN"]
[Date "2009.01.30"]
[Round "6"]
[White "Amin, Bassem"]
[Black "Golubev, Mikhail"]
[Result "1-0"]
[WhiteElo "2562"]
[BlackElo "2487"]
[PlyCount "63"]
[EventDate "2009.01.24"]

1. e4 c5 2. Nf3 d6 3. g3 Nf6 4. c3 Nc6 5. d3 c4 6. dxc4 Nxe4 7. Bg2 g6 8. Nd4
Nf6 9. Nxc6 bxc6 10. Bxc6+ Bd7 11. Bxa8 Qxa8 12. f3 h5 13. Bg5 Nh7 14. Be3 h4
15. Nd2 Nf6 16. Qe2 hxg3 17. O-O-O g2 18. Qxg2 Bg7 19. h4 Ng4 20. Bg5 Ne5 21.
Ne4 Bf5 22. Rhe1 f6 23. f4 Bxe4 24. Rxe4 Nc6 25. Bxf6 Bxf6 26. Rxd6 O-O 27.
Qxg6+ Kh8 28. Rd5 e5 29. Re1 Ne7 30. Qh6+ Kg8 31. Rg1+ Kf7 32. Rd6 1-0

[Event "Arcapita Open"]
[Site "Manama BHN"]
[Date "2009.01.30"]
[Round "6"]
[White "Ezat, Mohamed"]
[Black "Kveinys, Aloyzas"]
[Result "1/2-1/2"]
[WhiteElo "2421"]
[BlackElo "2522"]
[PlyCount "96"]
[EventDate "2009.01.24"]

1. d4 Nf6 2. c4 e6 3. Nf3 Bb4+ 4. Bd2 a5 5. Nc3 b6 6. e3 Bb7 7. Bd3 O-O 8. O-O
d5 9. cxd5 exd5 10. Ne5 Bd6 11. f4 c5 12. Rf3 Nc6 13. Nxd5 Nxe5 14. fxe5 Bxd5
15. Rxf6 Be7 16. Rf2 Bh4 17. g3 Bg5 18. e4 Bb7 19. d5 Bxd2 20. Qxd2 Qe7 21. Qf4
Rae8 22. Bb5 Rd8 23. b3 Bc8 24. Kg2 h6 25. Rd1 Qg5 26. Qxg5 hxg5 27. Rdf1 Bg4
28. h4 gxh4 29. gxh4 Bh5 30. Kg3 Bg6 31. Kf4 Kh7 32. h5 Bxh5 33. Rh1 g6 34. Be2
f5 35. Kg5 fxe4 36. Rxf8 Rxf8 37. Rxh5+ gxh5 38. e6 h4 39. Bh5 h3 40. Bg6+ Kg7
41. Bxe4 Rd8 42. e7 Rh8 43. d6 Kf7 44. Bd5+ Ke8 45. Bc6+ Kf7 46. Bd5+ Ke8 47.
Bc6+ Kf7 48. Bd5+ Ke8 1/2-1/2

[Event "Arcapita Open"]
[Site "Manama BHN"]
[Date "2009.01.30"]
[Round "6"]
[White "Filippov, Anton"]
[Black "Malakhatko, Vadim"]
[Result "0-1"]
[WhiteElo "2556"]
[BlackElo "2610"]
[PlyCount "130"]
[EventDate "2009.01.24"]

1. e4 c6 2. Nc3 d5 3. Nf3 Bg4 4. h3 Bxf3 5. Qxf3 e6 6. d3 Nd7 7. g3 Bb4 8. Bd2
Ne7 9. a3 Ba5 10. Bg2 O-O 11. Qe2 b5 12. O-O d4 13. Nb1 Bxd2 14. Nxd2 e5 15. h4
c5 16. Bh3 Nb6 17. Qh5 Nc6 18. f4 Qe7 19. Rf2 Na4 20. b3 Nc3 21. Raf1 g6 22.
Qh6 exf4 23. gxf4 f6 24. h5 Qg7 25. Be6+ Kh8 26. Qxg7+ Kxg7 27. Rg2 Ne7 28. b4
cxb4 29. axb4 f5 30. Kh2 Rf6 31. Bb3 fxe4 32. dxe4 Raf8 33. f5 Nc6 34. Ra1 Re8
35. Ra6 Re7 36. hxg6 hxg6 37. fxg6 Ne5 38. Rxf6 Kxf6 39. Rf2+ Kxg6 40. Kg3 Nc6
41. Kf4 Kf6 42. Rh2 Ne5 43. Bd5 Rh7 44. Kg3 Rxh2 45. Kxh2 Ng4+ 46. Kg3 Ne3 47.
Kf4 Nxc2 48. e5+ Ke7 49. Bb3 Nxb4 50. Nf3 Nc6 51. Nh4 a5 52. Nf5+ Kd8 53. Bc2
a4 54. e6 Nd5+ 55. Ke4 Ndb4 56. Bd1 d3 57. e7+ Nxe7 58. Nd4 a3 59. Nb3 Nec6 60.
Ke3 a2 61. Na1 Kc7 62. Kd2 Nd4 63. Kc3 Ndc2 64. Kb2 Nxa1 65. Kxa1 Nc2+ 0-1